000 00458nam a2200169Ia 4500
008 240729s9999 xx 000 0 und d
022 _a2673-4672
245 0 _aPollutants
260 _aSwitzerland
260 _bMDPI AG
650 _a Environmental pollution
650 _a Environmental technology. Sanitary engineering
650 _aTechnology
856 _uhttps://doaj.org/toc/9c4cb12468ad431a912101d5cce69365
942 _2ddc
942 _cDOAJEJ
999 _c70432
_d70432
945 _a1
_bMadushi Gamage
_c1
_dMadushi Gamage